All Pokéballs in Existence - Statistics

General Stats
  • This quiz has been taken 60 times
  • The average score is 22 of 85
Answer Stats
Pokéballs % Correct
Ultra Ball
100%
Pokéball
98%
Great Ball
90%
Master Ball
86%
Love Ball
84%
Quick Ball
76%
Net Ball
75%
Dusk Ball
67%
Safari Ball
67%
Heavy Ball
65%
Timer Ball
65%
Luxury Ball
63%
Nest Ball
63%
Dive Ball
59%
Beast Ball
57%
Friend Ball
57%
Premier Ball
57%
Heal Ball
51%
Moon Ball
51%
GS Ball
49%
Level Ball
49%
Repeat Ball
49%
Lure Ball
47%
Fast Ball
45%
Cherish Ball
39%
Dream Ball
39%
Feather Ball
37%
Feather Ball
37%
Park Ball
33%
Dark Ball
31%
Jet Ball
31%
Wing Ball
31%
Origin Ball
29%
Gigaton Ball
27%
Leaden Ball
27%
Sport Ball
27%
Strange Ball
24%
Mewtwo Ball" / "Clone Ball
14%
Ancient Poké Ball
12%
Team Rocket Ball
12%
Hisuian Heavy Ball
10%
Rocket Ball
10%
Snag Ball
10%
Team Aqua Ball
10%
Team Magma Ball
10%
Team Plasma Ball
10%
Typing Ball
10%
Hisuian Great Ball
8%
Hisuian Pokéball
8%
Hisuian Ultra Ball
8%
Lake Ball
8%
Pester Ball
8%
Dual Ball
6%
Battle Park Ball
4%
Green Pokéball
4%
Unite Ball / Aeos Ball
4%
Blue Pokéball
2%
Boomerang Ball
2%
Chase Ball
2%
DNA Ball
2%
Stone Ball
2%
Team Aqua's Great Ball
2%
Team Magma's Great Ball
2%
2 Pokéball
0%
Bomb-Bomb Ball
0%
Boomerang Poké Ball
0%
Bulbasaur's Pokéball
0%
Catch Race Poké Ball
0%
Charmander's Pokéball
0%
Dark Device
0%
Enormo Pokéball X-1
0%
Fishing Poké Ball
0%
Giant Bell
0%
G-Max Ball
0%
Karna's Unnamed Custom Ball
0%
Meowsie's Pokéball
0%
Nunchuck Pokéball
0%
Pikachu's Pokéball
0%
Poké Ball Arrow
0%
Pokémon Card Pokéball
0%
Rocket's Poké Ball
0%
Shuriken Pokéball
0%
Squirtle's Pokéball
0%
Uneartly Spoon
0%
Uneartly Urn
0%
No matching quizzes found
Score Distribution
Percent of People with Each Score
Percentile by Number Answered
Your Score History
You have not taken this quiz